00691nam a22002177a 4500003000900000008004100009020001800050040007100068082002000139100002600159245009400185260002700279300002900306650002300335650001600358650002600374650001300400650002800413650002100441650001100462AR-CdUCM190319b ||||| |||| 00| 0 spa d a9786124307003 aMUNICIPALIDAD PROVINCIAL DEL CUSCOcBIBLIOTECA MUNICIPAL DEL CUSCO a658.40/B79bB79 aBoza Dibós, Beatriz aEmpresarios :b14 decisiones empresariales que han transformado el Perú /cBeatriz Boza aLima ;bDeusto,c2016. a197 Páginas. :c23 cm. aToma de decisiones aEmpresarios aCapacidad empresarial aNegocios aÉxito en los negocios aEstudio de casos aPerú